000 00374cam a2200145ua 4500
020 _a9788121927819
082 _a697.93
_bKHU/RE
100 _aKhurmi, R.S .
_91722
245 _aTextbook of Refrigeration and Air Conditioning /
250 _aRev
260 _aNew Delhi :
_bS.Chand and Co ,
_c2008.
300 _a682 ; .
700 1 _aGupta, J. K .
_91225
942 _cBK
999 _c13214
_d13214